Canidae - Liste des espèces - Statistiques

Statistiques générales
  • Ce quiz a été pris 21 fois
  • Le résultat moyen est 8 sur 38
Statistiques - réponses
Par images Hint Réponse % Correct
Canis latrans Coyote
88%
Vulpes zerda Fennec
81%
Canis lupus Loup gris
81%
Vulpes lagopus Renard polaire
75%
Vulpes vulpes Renard roux
75%
Lycaon pictus Lycaon
69%
Nyctereutes procyonoides Chien viverrin
56%
Chrysocyon brachyurus Loup à crinière
44%
Otocyon megalotis Renard à oreilles de chauve-souris
44%
Canis aureus Chacal doré
38%
Cuon alpinus Dhole
31%
Speothos venaticus Chien des buissons
25%
Canis rufus Loup rouge
25%
Lupulella mesomelas Chacal à chabraque
19%
Cerdocyon thous Renard des savanes
19%
Vulpes corsac Renard corsac
13%
Vulpes ferrilata Renard du Tibet
13%
Canis simensis Loup d'Éthiopie
6%
Canis lupaster Loup doré
6%
Lycalopex culpaeus Renard de Magellan
6%
Vulpes bengalensis Renard du Bengale
6%
Vulpes velox Renard véloce
6%
Lupulella adustus Chacal à flancs rayés
0%
Dusicyon australis Loup des Malouines
0%
Atelocynus microtis Renard à petites oreilles
0%
Lycalopex vetulus Renard chenu
0%
Lycalopex gymnocercus Renard d'Aszara
0%
Vulpes cana Renard de Blanford
0%
Lycalopex fulvipes Renard de Darwin
0%
Vulpes chama Renard du Cap
0%
Lycalopex sechurae Renard du désert austral
0%
Vulpes rueppellii Renard famélique
0%
Urocyon cinereoargenteus Renard gris américain
0%
Lycalopex griseus Renard gris d'Argentine
0%
Urocyon littoralis Renard gris insulaire
0%
Vulpes macrotis Renard nain
0%
Vulpes pallida Renard pâle
0%
Dusicyon avus Warrah d'Argentine
0%
Aucun quiz correspondant
Distribution des résultats
% des personnes avec chaque résultat
Percentile par nombre de réponses
Votre historique - résultats
Vous n’avez pas pris ce quiz